| 000 | 00802nam a22002057a 4500 | ||
|---|---|---|---|
| 003 | SEM | ||
| 999 |
_c48245 _d48245 |
||
| 005 | 20220608071540.0 | ||
| 008 | 201130b ||||| |||| 00| 0 arm d | ||
| 040 |
_aSEM _cSEM |
||
| 041 | _aarm. | ||
| 082 | _a235.2:281.62/Պ-30 | ||
| 245 | _aՊատմութիւն սրբոյն Յակովբայ Մծբնայ հայրապետին: / | ||
| 246 | _a[Պատմություն Սրբույն Հակովբա Մծբնա Հայրապետին]: / | ||
| 260 |
_aՎենետիկ: _bտպ. Մխիթարեանց, _c1861. |
||
| 300 |
_a187 էջ; _c18 սմ |
||
| 440 |
_aՍոփերք հայկականք _vԻԲ |
||
| 650 |
_aՍրբեր _xՀայ եկեղեցի |
||
| 856 |
_uhttp://greenstone.flib.sci.am/gsdl/collect/haygirq/book/patmutyun_sb_yakob1861.pdf _yԿարդալ առցանց |
||
| 942 |
_2ddc _cBK |
||